| 000 | 00456nam a22001577a 4500 | ||
|---|---|---|---|
| 003 | SGT | ||
| 020 | _a9788121909556 | ||
| 082 | _a537, VAS | ||
| 100 | _aD. N. VASUDEVA | ||
| 245 | _aFUNDAMENTALS OF MAGNETISM AND ELECTRICITY | ||
| 260 |
_aNEW DELHI _bS CHAND _c2014 |
||
| 300 | _a927 | ||
| 650 | _aELECTRICITY AND ELECTRONICS | ||
| 653 | _aVOTER ANALYSIS AND ITS APPLICATIONS , LAW OF INVERSE SQUARES, MAGNETISM, CURRENT ELECTRICITY | ||
| 942 |
_2ddc _cFPS |
||
| 999 |
_c9357 _d9357 |
||